Cinéma : La série de films des Bronzés - Statistiques

Statistiques générales
  • Ce quiz a été pris 180 fois
  • Le résultat moyen est 33 sur 45
Statistiques - réponses
Hint Réponse % Correct
Réplique : Faut avaler cul sec, car sinon, ça vous brûle la langue ! Les Bronzés font du ski
92%
L'intrigue se déroule à Val-d'Isère Les Bronzés font du ski
90%
Jean-Claude Duss y chante une parodie d'Etoile des neiges Les Bronzés font du ski
90%
Réplique : Vous avez de la pâte ? Vous avez du suc’ ? Alors avec la pâte vous faites une crêpe, et puis vous mettez du suc’ dessus ! Les Bronzés font du ski
90%
A pour sous-titre "Amis pour la vie" Les Bronzés 3
89%
L'intrigue se passe en Sardaigne Les Bronzés 3
88%
Christiane a pour compagnon Marius joué par Maurice Chevit Les Bronzés font du ski
88%
Le fils de Nathalie et Bernard apparait dans le film Les Bronzés 3
87%
Le titre devait être Amour, coquillages et crustacés Les Bronzés
85%
Le film est de 1979 Les Bronzés font du ski
85%
Réplique : Y'a quel pourcentage de filles pour un mec ? - Ah ah ah. Ça dépend du mec ça. Les Bronzés
84%
Gigi est mariée à Jean-Claude Les Bronzés 3
84%
Popeye travaille dans un commerce Les Bronzés font du ski
84%
Le film est de 2006 Les Bronzés 3
82%
Jérôme conduit une auto-école Les Bronzés 3
82%
Les Morin décorent leur appartement en temps partagé d'un portrait de clown Les Bronzés font du ski
82%
L'intrigue se déroule en Côte d'ivoire Les Bronzés
80%
Réplique : J'ai été obligé de passer la nuit avec cette femme charmante aux sanitaires. - Je précise que je peux être charmante ailleurs qu'aux sanitaires Les Bronzés
78%
Jérôme ne peut plus exercer Les Bronzés 3
77%
Réplique : Eh ! Vous avez oublié quelque chose ! Les Bronzés font du ski
77%
On y voit une scène de body painting Les Bronzés
76%
Popeye pèse ses conquêtes Les Bronzés
76%
Popeye travaille dans un hôtel Les Bronzés 3
76%
On y fait la connaissance d'un cochon nommé Copain Les Bronzés font du ski
76%
Réplique : Non mais ça va pas bien derrière ? Il a un problème le peignoir ? Les Bronzés
75%
Jérôme perd au ping-pong Les Bronzés
74%
On y entend Baila morena Les Bronzés 3
74%
Réplique Sur un malentendu ça peut marcher. Les Bronzés font du ski
73%
Réplique : Si t'as le moindre pépin, chuis médecin. Mais enfin essaie de pas me déranger pour des bricoles quand même hein, chuis en vacances. Merci. Les Bronzés
72%
Nathalie et Bernard viennent de subir un contrôle fiscal Les Bronzés 3
72%
Le film est sorti en 1978 Les Bronzés
71%
Popeye est professeur de gymnastique Les Bronzés
71%
On peut entendre dans la BO une chanson de Gainsbourg Les Bronzés
70%
On y apprend ce qu'est un mawashi-geri Les Bronzés
67%
Jérôme est marié avec Gigi Les Bronzés font du ski
67%
Réplique : On a tiré sur Lee Harvey ! Les Bronzés 3
66%
Miguel a perdu son accent espagnol Les Bronzés 3
64%
Le film commence par une scène de nuit Les Bronzés
63%
Réplique : Je nage dans le bonheur. En tout cas, tu ne nages pas dans ton tee-shirt ! Les Bronzés 3
61%
On y apprend ce qu'est la foune Les Bronzés font du ski
61%
On y découvre un spitz ou plutôt deux Les Bronzés 3
57%
Roland Giraud est M. Camus Les Bronzés font du ski
56%
Martin Lamotte est Miguel Weissmuller Les Bronzés
39%
Réplique : Ca arrive à tout le monde de ne pas savoir avec qui on couche Les Bronzés 3
38%
Le film commence dans la matinée du 1er jour Les Bronzés font du ski
34%
Aucun quiz correspondant
Distribution des résultats
% des personnes avec chaque résultat
Percentile par nombre de réponses
Votre historique - résultats
Vous n’avez pas pris ce quiz